MARC

LEADER 00000nam0a2200000 4500
001 278919
005 20231101235147.0
035 |a (RuTPU)RU\TPU\book\302197 
090 |a 278919 
100 |a 20141215d1967 k y0rusy50 ca 
101 0 |a rus 
102 |a RU 
105 |a a z 001zy 
200 1 |a Роль вулканизма в формировании земной коры. На примере Курильской островной дуги  |f Е. К. Мархинин  |g Академия наук СССР (АН СССР), Сибирское отделение (СО), Институт вулканологии (ИВ) 
210 |a Москва  |c Наука  |d 1967 
215 |a 256 с.  |c ил. 
320 |a Библиогр.: с. 243-254. 
606 1 |a Вулканизм  |2 stltpush  |3 (RuTPU)RU\TPU\subj\3799  |9 32148 
610 1 |a Курильская островная гряда 
610 1 |a морфология 
610 1 |a тектоника 
610 1 |a вулканогенные формации 
610 1 |a эволюция 
610 1 |a вулканические породы 
610 1 |a характеристика 
610 1 |a летучие компоненты 
610 1 |a ювенильные вещества 
610 1 |a вынос 
610 1 |a фумаролы 
610 1 |a гидротермы 
675 |a 551.21  |v 3 
700 1 |a Мархинин  |b Е. К.  |g Евгений Константинович 
712 0 2 |a Академия наук СССР (АН СССР)  |b Сибирское отделение (СО)  |b Институт вулканологии (ИВ)  |c (Петропавловск-Камчатский)  |c (1962-1970)  |2 stltpush  |3 (RuTPU)RU\TPU\col\19973 
801 1 |a RU  |b 63413507  |c 20141215 
801 2 |a RU  |b 63413507  |c 20141219  |g RCR 
942 |c BK